Concise Dictionary Of Synonyms Antonyms / (Record no. 203244)

MARC details
000 -LEADER
fixed length control field 00506nam a22001817a 4500
005 - DATE AND TIME OF LATEST TRANSACTION
control field 20240524153851.0
010 ## - LCCN (DPL NO)
LC control number ENG-140502
020 ## - INTERNATIONAL STANDARD BOOK NUMBER
International Standard Book Number 9789350571668
Terms of availability 150.00
035 ## - SYSTEM CONTROL NUMBER
System control number EN-124034
037 ## - SOURCE OF ACQUISITION
Source of stock number/acquisition DBAD
082 ## - DEWEY DECIMAL CLASSIFICATION NUMBER
Classification number 483
245 ## - TITLE STATEMENT
Title Concise Dictionary Of Synonyms Antonyms /
Medium English
260 ## - PUBLICATION, DISTRIBUTION, ETC. (IMPRINT)
Place of publication, distribution, etc New Delhi
Name of publisher, distributor, etc V & S Publishers
270 ## - ADDRESS
Address F-2/16, Ansari Road, Daryaganj
City New Delhi- 110002
300 ## - PHYSICAL DESCRIPTION
Extent 206p.
Dimensions 22 cm(pbk)
700 ## - ADDED ENTRY--PERSONAL NAME
9 (RLIN) 65564
942 ## - ADDED ENTRY ELEMENTS (KOHA)
Source of classification or shelving scheme Dewey Decimal Classification
Item type English Books
Classification part 483
Call number suffix CON
Holdings
Withdrawn status Lost status Not for loan Collection code Home library Current library Date acquired Source of acquisition Cost, normal purchase price Full call number Barcode Copy number Cost, replacement price Koha item type
      Non-fiction Central Jail Tihar Central Jail Tihar 24/05/2024 DBAD 150.00 483 CON EN-124034 1 150.00 English Books

© Delhi Public Library
Hit Counter
free hit counter